SPECIAL NEEDS EDUCATION (Record no. 23111)
[ view plain ]
| 000 -LEADER | |
|---|---|
| fixed length control field | 00325nam a22001457a 4500 |
| 003 - CONTROL NUMBER IDENTIFIER | |
| control field | SGT |
| 020 ## - INTERNATIONAL STANDARD BOOK NUMBER | |
| International Standard Book Number | 978-81-8457-214-8 |
| 082 ## - DEWEY DECIMAL CLASSIFICATION NUMBER | |
| Classification number | 371.905 |
| Item number | DES |
| 100 ## - MAIN ENTRY--PERSONAL NAME | |
| Personal name | DESHPRABHU SUCHITRA |
| 245 ## - TITLE STATEMENT | |
| Title | SPECIAL NEEDS EDUCATION |
| 260 ## - PUBLICATION, DISTRIBUTION, ETC. (IMPRINT) | |
| Place of publication, distribution, etc | KANISHKA PUB NEW DELHI |
| Year of Publication | 2010 |
| 300 ## - PAGE DESCRIPTION | |
| No. of Pages | 305 |
| 650 ## - SUBJECT ADDED ENTRY--TOPICAL TERM | |
| Topical term or geographic name as entry element | EDUCATION |
| 942 ## - ADDED ENTRY ELEMENTS (KOHA) | |
| Source of classification or shelving scheme | Dewey Decimal Classification |
| Koha item type | Books |
| Withdrawn status | Lost status | Source of classification or shelving scheme | Damaged status | Not for loan | Home library | Current library | Date acquired | Vendor Name | Cost, normal purchase price | SGTU | Bill Number | Full call number | Accession No. (Barcode) | Date last seen | Bill Date | Koha item type |
|---|---|---|---|---|---|---|---|---|---|---|---|---|---|---|---|---|
| Dewey Decimal Classification | SGT Engineering Library | SGT Engineering Library | 06/08/2022 | A B C PVT LTD | 1250.00 | SGTU | 14817 | 371.905 DES | ED4963 | 06/08/2022 | 27/07/2022 | Books | ||||
| Dewey Decimal Classification | SGT Engineering Library | SGT Engineering Library | 06/08/2022 | A B C PVT LTD | 1250.00 | SGTU | 14817 | 371.905 DES | ED4964 | 06/08/2022 | 27/07/2022 | Books | ||||
| Dewey Decimal Classification | SGT Engineering Library | SGT Engineering Library | 06/08/2022 | A B C PVT LTD | 1250.00 | SGTU | 14817 | 371.905 DES | ED4965 | 06/08/2022 | 27/07/2022 | Books |